000 00748nas a2200241 i 4500
001 1858
003 ES-MaACL
005 20250217134412.0
007 t|
008 950801d1930 sp | | 1 ||pa d
022 _a0370-4572
245 0 0 _aRevista española de tuberculosis
_b: clínica, laboratorio, rayos x /
_cdir. B. Benítez Franco.
260 _a[Madrid :
_bPalomeque],
_c1930-1961.
300 _a24 v. ;
_c25 cm.
310 _aMensual
362 0 _aT. I (1930)-(1961)
500 _aNo se publicó de jun. 1936-1939.
700 1 _aBenítez Franco, B,
_edir.
_9194308
710 2 _aPatronato Nacional Antituberculoso (Madrid)
_96190
852 _aES-MaACL
_jK-76
866 0 _o1934(1935f.ene.)1936.1940-60.
999 _c1858
_d1858